00466nam a22001577a 4500003000400000020001800004082001900022100002900041245004300070250000800113260003200121300000800153650002200161653008100183653004400264SGT a9788131264454 a610.7362bW22H aHOCHENBERRY, MARILYN J.  aWONG'S ESSENTIALS OF PEDIATRIC NURSING a3RD aINDIA bELSEVIER PUB c2022 a983 aPEDIATRIC NURSING aFamily, Social, Cultural, and Religious Influences on Child Health Promotion aChildren, Their Families, and the Nurse